| 000 -LEADER |
| fixed length control field |
02688nam a2200385 i 4500 |
| 001 - CONTROL NUMBER |
| control field |
pr06626446 |
| 003 - CONTROL NUMBER IDENTIFIER |
| control field |
CaOWLBI |
| 005 - DATE AND TIME OF LATEST TRANSACTION |
| control field |
20241118141619.0 |
| 008 - FIXED-LENGTH DATA ELEMENTS--GENERAL INFORMATION |
| fixed length control field |
221223s2022 nyu j 000 1 eng d |
| 010 ## - LIBRARY OF CONGRESS CONTROL NUMBER |
| LC control number |
2022016615 |
| 020 ## - INTERNATIONAL STANDARD BOOK NUMBER |
| International Standard Book Number |
9781250827258 |
| 040 ## - CATALOGING SOURCE |
| Original cataloging agency |
DLC |
| Language of cataloging |
eng |
| Description conventions |
rda |
| Transcribing agency |
DLC |
| Modifying agency |
CaOWLBI |
| -- |
CaOL |
| -- |
KH8 |
| 082 ## - DEWEY DECIMAL CLASSIFICATION NUMBER |
| Classification number |
FIC CRU |
| 100 1# - MAIN ENTRY--PERSONAL NAME |
| Personal name |
De la Cruz, Melissa, |
| Dates associated with a name |
1971- |
| Relator term |
author. |
| 245 14 - TITLE STATEMENT |
| Title |
Never after. |
| Name of part/section of a work |
The broken mirror/ |
| Statement of responsibility, etc. |
Melissa de la Cruz. |
| 246 3# - VARYING FORM OF TITLE |
| Title proper/short title |
The broken mirror. |
| 250 ## - EDITION STATEMENT |
| Edition statement |
First edition. |
| 264 #1 - PRODUCTION, PUBLICATION, DISTRIBUTION, MANUFACTURE, AND COPYRIGHT NOTICE |
| Place of production, publication, distribution, manufacture |
New York : |
| Name of producer, publisher, distributor, manufacturer |
Roaring Brook Press, |
| Date of production, publication, distribution, manufacture, or copyright notice |
2022. |
| 264 #4 - PRODUCTION, PUBLICATION, DISTRIBUTION, MANUFACTURE, AND COPYRIGHT NOTICE |
| Date of production, publication, distribution, manufacture, or copyright notice |
©2022. |
| 300 ## - PHYSICAL DESCRIPTION |
| Extent |
326 pages ; |
| Dimensions |
22 cm. |
| 336 ## - CONTENT TYPE |
| Content type term |
text |
| Content type code |
txt |
| Source |
rdacontent. |
| 337 ## - MEDIA TYPE |
| Media type term |
unmediated |
| Media type code |
n |
| Source |
rdamedia. |
| 338 ## - CARRIER TYPE |
| Carrier type term |
volume |
| Carrier type code |
nc |
| Source |
rdacarrier. |
| 490 1# - SERIES STATEMENT |
| Series statement |
Never after (Series) ; |
| Volume/sequential designation |
3. |
| 520 ## - SUMMARY, ETC. |
| Summary, etc. |
Real life and fairy tales collide in Never After: The Broken Mirror, book three of the funny and thrilling middle-grade saga perfect for fans of The Land of Stories series from the #1 New York Times bestselling creator of the Descendants, Melissa de la Cruz. The Never After crew is back for another twisted adventure. This time, they’re off to Snow Country—that is, after they rescue the beleaguered Lord Sharif of Nottingham from the evil Robin Hood, who has been plaguing the land with his thievery and mischief. But Robin’s antics aren’t the only dangers afoot in the Kingdom of Never After. At the behest of her daughter, the evil Cinderella, Queen Olga has turned Prince Charming into a Frog after his wedding to the beautiful Hortense. And how could we forget the ominous Prophecy, which still looms large over Filomena and her friends? Along with Jack, Alistair, Gretel, Beatrice, Byron Bessley, and some new Snow Country pals like Rose Red and a chatty magic mirror, Filomena sets off to find the only ones who can save the kingdom once and for all: The League of the Seven – a group of fearless warriors devoted to fighting the ogres at any cost. Still, new threats lurk around every corner, both in Never After and back home in North Pasadena . . . Even with the League of the Seven’s help, can Filomena and her friends rescue the land from Olga’s clutches? Or will the ogres finally prevail? |
| 650 #0 - SUBJECT ADDED ENTRY--TOPICAL TERM |
| Topical term or geographic name entry element |
Adventure and adventurers |
| Form subdivision |
Juvenile fiction. |
| 650 #0 - SUBJECT ADDED ENTRY--TOPICAL TERM |
| Topical term or geographic name entry element |
Characters and characteristics in literature |
| Form subdivision |
Juvenile fiction. |
| 650 #0 - SUBJECT ADDED ENTRY--TOPICAL TERM |
| Topical term or geographic name entry element |
Good and evil |
| Form subdivision |
Juvenile fiction. |
| 650 #0 - SUBJECT ADDED ENTRY--TOPICAL TERM |
| Topical term or geographic name entry element |
Imaginary places |
| Form subdivision |
Juvenile fiction. |
| 650 #0 - SUBJECT ADDED ENTRY--TOPICAL TERM |
| Topical term or geographic name entry element |
Magic mirrors |
| Form subdivision |
Juvenile fiction. |
| 650 #0 - SUBJECT ADDED ENTRY--TOPICAL TERM |
| Topical term or geographic name entry element |
Characters in literature |
| Form subdivision |
Juvenile fiction. |
| 650 #7 - SUBJECT ADDED ENTRY--TOPICAL TERM |
| Topical term or geographic name entry element |
Fantasy fiction. |
| Source of heading or term |
lcgft. |
| -- |
genre. |
| 830 #0 - SERIES ADDED ENTRY--UNIFORM TITLE |
| Uniform title |
Never after (Series) ; |
| Volume/sequential designation |
3. |
| 942 ## - ADDED ENTRY ELEMENTS (KOHA) |
| Source of classification or shelving scheme |
|
| Koha item type |
Books - Fiction |